01016nam a2200217 a 450000100100000000500170001000800410002702000180006804000250008608200150011110000350012624502990016126000510046030000500051150000740056150400320063570000450066770000260071270000270073870000330076500004614020250129073605.0150626s2011 dr abce 000 0 spa d a9789945879902 aDO-SdBNPbspacBNPHU axxxxbxxxx1 aReyes Sánchez, Migueld1966-10aOcéanos de tinta y papel :bhistoria de la navegación y del desarrollo marítimo dominicano /cMiguel Reyes Sánchez ; prólogo de Juan Daniel Balcácer; colaboración documental y fotografica de Pedro Atiles, editado por Lourdes periche; fotografias de Francisco Manosalvas...[et al]. aSanto Domingo :bAgencias Navieras B&R,c2011. a367 p. :bil., maps, planos, retrs. ;c29 cm. aIncluye referencias bibliográficas y notas al pie de las páginas. aBibliografía : p. 356-36212aBalcácer, Juan Daniel,d1949-epról.12aAtiles,Pedro,ecolab.12aPeriche, Lourdes,eed.12aManosalvas, Francisco,efot.